Drop in the Letters Quiz Stats

 Plays Quiz Updated Jul 22, 2018

Challenge
Share
Tweet
Embed
Score 0/10 Timer 03:00
2 Plays Today
% Correct
TEST
86.9%
PRIM
85.1%
HERO
84.5%
CUBE
83.2%
WIRE
82.1%
BRAD
81.2%
GALA
81%
MALE
80.6%
LACE
79.8%
QUIT
77.8%

You're not logged in!

Compare scores with friends on all Sporcle quizzes.
OR
Log In

You Might Also Like...

Show Comments

Extras

Top Quizzes Today


Score Distribution

Your Account Isn't Verified!

In order to create a playlist on Sporcle, you need to verify the email address you used during registration. Go to your Sporcle Settings to finish the process.

Report this User

Report this user for behavior that violates our Community Guidelines.

Details: